000 00686nam a2200265Ia 4500
003 OSt
005 20221006144411.0
006 a|||||r|||| 00| 0
007 ta
008 221006b |||||||| |||| 00| 0 eng d
020 _c1.25
024 _a11,613
037 _cTextual
040 _aEASL
_cEASL
_beng
041 _2eng
_aeng
082 _aU8.49F.N61, KIp9
100 _aTRIKAMDAS Purshottam
_9651879
245 0 _aEastern journey
260 _aNew Delhi
_bAfro Asian Council India
_c1961
300 _a32p.
_ccm.
490 _v Gen
650 _aGen
942 _hU8.49F.N61, KIp9
_cTEXL
_2CC
999 _c1079699
_d1079699